Quizzes
Events
Quiz Creation
Community
Videos
Private Events
Remove Ads
Sign In
Join for FREE
Feedback
Dark Mode
Quiz Categories
Sports
Geography
Music
Movies
Television
Just For Fun
Miscellaneous
History
Literature
Language
Science
Gaming
Entertainment
Religion
Holiday
For Kids
Quiz Lab
Recent
Popular Today
Quiz Kudos Today
Editor Picks
Curator Picks
Quizzes by...
Day
Popularity
Type
Ratings
Length
Year
Community
Subscriptions
Recent Discussions
Orange Saloon
Badges
Playlists
Quests
Create
Leaderboards
Showdown
Live 5
Trivia Bingo
Activity
Puzzle Library
Sporcle Events
Private Events
Virtual Trivia
Globe League
Become a Host
Pub Owners
SporcleCon
Opinionation
Our Games
Videos
Blog
Mobile Apps
Partnerships
Remove Ads and Go Orange
Feedback
Music
Pop Music
The Beatles
Song
Album
Lyrics
Bands
Singers
Artist
Clip
Rock
Rap
Classical
Billboard
Country Music
Kpop
Taylor Swift
Music
Pop Music
The Beatles
Song
Album
Lyrics
Bands
Singers
Artist
Clip
Rock
Rap
Classical
Billboard
Country Music
Kpop
Taylor Swift
Random Quiz
Search Sporcle
×
Quiz Lab
Quiz Lab
Music
Song
Select answers by clicking on text or image buttons
Select answers by clicking on text or image buttons
Clickable
Best Score? Go Orange.
50 Songs: 'Connections' Features - Episodes 1-5 Stats
Can you name the 50 artists by their songs that I have featured on my radio show 'Connections'?
By
Project50Songs
8m
50 Questions
89 Plays
89 Plays
89 Plays
Comments
Comments
Give Quiz Kudos
Give Quiz Kudos
-
- Ratings
hide this ad
Forced Order
Answers have to be entered in order
Answers have to be entered in order
Replay
Link that replays current quiz
Next Quiz
Link to next quiz in quiz playlist
You Got
0%
They Got
Avg Score
58%
Avg Friend Score
Upgrade to see
Score Distribution
Jump to the score distribution portion of the page
Score
0/50
Timer
08:00
0
Plays Today
% Correct
Queen
88.8%
Nirvana
87.6%
Prince
86.5%
Outkast
86.5%
David Bowie
86.5%
The Who
84.3%
Johnny Cash
84.3%
The Rolling Stones
83.1%
Radiohead
82%
blur
80.9%
The Jimi Hendrix Experience
80.9%
Joni Mitchell
79.8%
Gnarls Barkley
79.8%
Derek & The Dominos
77.5%
America
77.5%
The Beatles
77.5%
Soundgarden
75.3%
R.E.M.
73%
Sia
71.9%
Pink Floyd
71.9%
Jefferson Airplane
71.9%
Led Zeppelin
71.9%
The Lumineers
70.8%
Macklemore & Ryan Lewis
69.7%
The Smashing Pumpkins
64%
% Correct
The Smiths
62.9%
The Cure
59.6%
Pulp
58.4%
Rage Against The Machine
53.9%
Nine Inch Nails
52.8%
The Weeknd
51.7%
The Stooges
50.6%
Red Hot Chili Peppers
49.4%
Squeeze
46.1%
Kate Bush
46.1%
DNCE
44.9%
T.Rex
42.7%
Genesis
41.6%
The Black Keys
38.2%
Stereophonics
33.7%
Bloc Party
31.5%
Neon Trees
30.3%
Editors
25.8%
Kings Of Leon
25.8%
Lana Del Rey
23.6%
Bon Iver
22.5%
Moby
18%
Of Monsters & Men
18%
Doves
14.6%
Empire Of The Sun
9%
Quiz Playlist
Details
Report
Send in Message
Add To Playlist
Clickable:
Select answers by clicking on text or image buttons
Forced Order:
Answers have to be entered in order
Last Updated: Feb 16, 2017
Quiz Scoreboard
CHALLENGE
Sign Up to Join the Scoreboard
Show All
Scores
Hide
Comments
May contain spoilers
Recently Published
1-10 Letter E Words III
by El_Dandy
Language
2m
One Thing in Common: World Cities II
by knightlancer
Geography
7m
Popular People in 1961
by mucciniale
History
6m
More to Explore
Quiz From the Vault
Featured Blog Post
Where Did the Easter Bunny Come From?
hide this ad
You Might Also Like...
Tags
Artist Quiz
Clickable Quiz
Show Quiz
Song Quiz
connection
feature
Featured
radio
Today's Top Quizzes in Music
Browse Music
hide this ad
Today's Top Quizzes in Song
Browse Song
Top Contributed Quizzes in Music
1
Taylor Swift All Songs (2024)
2
2010s Album by Cover III
3
Taylor Swift Logic Puzzle
4
One Thing in Common: Music
5
Guess the Artist- 70s Songs
6
Guess the Taylor Swift song (Mystery Song)
7
2010s Album by Cover V
8
2010s Album by Cover IV
9
Lana Del Rey Discography (BTD to DYKTTATUOB)
10
KPOP LOGIC QUIZ
Explore More
Trending Topics
Kpop
Harry Potter
Anime
Marvel
Disney
Crossword
NBA
Soccer
NFL
Pokémon
Country
WWE
The Office
Song
Puzzle
hide this ad
More By:
Project50Songs
Quiz
Plays
Rating
Category
Featured
Created
50 Songs: A Load Of 'BS'
27,372
4.52
Music
Apr 20, 2015
50 Songs By: Metallica
9,316
4.50
Music
Aug 3, 2013
50 Songs By: Slipknot
8,378
4.56
Music
Jun 7, 2014
50 Songs By: Fall Out Boy
8,344
4.82
Music
Aug 7, 2013
50 Songs By: Iron Maiden
7,650
4.78
Music
Jun 3, 2014
Go to Creator's Profile
Score Distribution
Quiz Creator Spotlight
Project50Songs
Follow
Send a Message
Quizzes Created
-
Created Quiz Play Count
-
More By This Creator
Popular Quizzes Today
1
Find the US States - No Outlines Minefield
2
Find the Countries of Europe - No Outlines Minefield
3
The Countries of the World
4
Popular People in 1961
5
1-10 Letter E Words III
6
Find the US States
7
One Thing in Common: World Cities II
8
US States
More Music Quizzes
Beyoncé Songs by Image
Published
Trending Quizzes
Risky Map Clicking: Least Populous States A-Z
1-10 Letter F Words
1-10 Letter G Words
One Thing in Common: United Kingdom
Risky Map Clicking: Next State Alphabetically
Recently Updated
Leaping Animals
pecheneg
Reality TV Shows (A-Z)
bhenderson79
Rickey Henderson's Hall of Fame Teammates
pecheneg
Champions League XIs: Arsenal
pecheneg
Quick Pick: Celebrities in WWE's Hall of Fame
aduchscher
A-Z Keypad Blitz II
pecheneg
Multiple Oscar Actors
pecheneg
Mystery Phrase Blitz: Oscar 'Best Actors'
pecheneg
F. Scott Fitzgerald Novels
LTH
Pick 3 Villains
ddd62291
Trending Topics
Disney
Crossword
Anime
Marvel
NBA
Harry Potter
Kpop
Country
NFL
Soccer
Song
The Office
Puzzle
Pokémon
WWE
Your Account Isn't Verified!
In order to create a playlist on Sporcle, you need to verify the email address you used during registration. Go to your
Sporcle Settings
to finish the process.
Report this User
Report this user for behavior that violates our
Community Guidelines
.
Details:
Send Report
Go to the Sporcle.com Mobile Site →
Comments